| 000 | 00873nas a2200313 4500 | ||
|---|---|---|---|
| 001 | BR0902544 | ||
| 003 | BR-BrBNA | ||
| 005 | 20231205113349.0 | ||
| 007 | ta | ||
| 008 | 230509b bl.|||p| |||| 00| 00por d | ||
| 040 |
_aBR-BrBNA _bpor _cBiblioteca Nacional de Agricultura |
||
| 041 | _a(Pt) | ||
| 072 | _aH20 | ||
| 100 | 1 | _aS. Filho, L.P. dos | |
| 100 | 1 | _aPires, J.L. | |
| 100 | 1 | _aRuiz, M.A.M. | |
| 100 | 1 | _aValle, R.R. | |
| 100 | 1 | _aAfonso, J.M. | |
| 100 | 1 | _aMarrocos, P.C.L. | |
| 100 | 1 | _aFreire, E.S. | |
| 245 | 1 | _aProdução de cacau e a vassoura-de-bruxa na Bahia | |
| 650 | _aCACAU | ||
| 650 | _aVASSOURA-DE-BRUXA | ||
| 650 | _aBAHIA | ||
| 773 | 0 |
_tAgrotrópica (Brazil) _xISSN 0103-3816 _g(Jan-Dec 2008), v. 20 p. 73-82 _wBR0902544 |
|
| 856 | 4 | 0 | _dLink DSPACE/MAPA BR0902544 |
| 909 |
_a202311 _bLúcia _c55 _dLúcia Elande |
||
| 942 |
_2AGRIS _n0 _cANA |
||
| 999 |
_c203376 _d203376 |
||